L'homme unidimensionnel: essai sur l'idéologie de la société industrielle avancée

Bewaard in:
Bibliografische gegevens
Hoofdauteur: Marcuse, Herbert (autor)
Formaat: Boek
Taal:Frans
Gepubliceerd in: París Minuit 1968
Reeks:Arguments, 34
Onderwerpen:
Tags: Voeg label toe
Geen labels, Wees de eerste die dit record labelt!

MARC

LEADER 00000nam a2200000 a 4500
001 UCZ2739
003 CL-VaPUC
008 951006e19680000FR |||||||||||||||||fre|d
082 0 4 |a 306.36  |b MAR  |2 21 
100 |a Marcuse, Herbert  |e autor  |9 329251 
245 1 2 |a L'homme unidimensionnel: essai sur l'idéologie de la société industrielle avancée 
300 |a 281 p 
942 |c BK 
945 |d 19951006 00:00:00  |a cmena 
260 |a París  |b Minuit  |c 1968 
650 0 |a Civilización moderna   |9 265455 
650 0 |a Historia siglo 20  |9 255736 
650 0 |a Industrialización  |9 263687 
650 0 |a Humanismo  |9 256530 
650 0 |a Política  |9 255312 
650 0 |a Libre albedrío  |9 334583 
583 |a last modification  |c 20160901 03:48:17  |k Rodrigo Vera 
490 0 |a Arguments, 34 
999 |c 239294  |d 239292 
952 |0 0  |1 0  |4 0  |6 306_360000000000000_MAR_1968  |7 0  |8 P  |9 250336  |a BIBEDU  |b BIBEDU  |c BIBEDU_PB  |d 2019-11-18  |i 1581201  |o 306.36 MAR 1968  |p 1581201  |r 2024-01-25  |w 2019-11-18  |y BK  |k FIL